The lecturer’s toolkit : A practical guide to learning, teaching & assessment

"The Lecturer's Toolkit" was first published as a photocopyable ring-bound resource and was an immediate success for all those in higher education seeking to develop learning and teaching skills. Now fully revised, the second edition is available both as an A4 ring-binder and as a pap...

Cijeli opis

Spremljeno u:
Bibliografski detalji
Glavni autor: Race, Philip
Format: Knjiga
Jezik:Undetermined
Izdano: London Kogan Page 2001
Teme:
Oznake: Dodaj oznaku
Bez oznaka, Budi prvi tko označuje ovaj zapis!
Thư viện lưu trữ: Trung tâm Học liệu Trường Đại học Cần Thơ
LEADER 01075nam a2200205Ia 4500
001 CTU_141695
008 210402s9999 xx 000 0 und d
082 |a 378.1796 
082 |b R118 
100 |a Race, Philip 
245 4 |a The lecturer’s toolkit : 
245 2 |b A practical guide to learning, teaching & assessment 
245 0 |c Phil Race 
260 |a London 
260 |b Kogan Page 
260 |c 2001 
520 |a "The Lecturer's Toolkit" was first published as a photocopyable ring-bound resource and was an immediate success for all those in higher education seeking to develop learning and teaching skills. Now fully revised, the second edition is available both as an A4 ring-binder and as a paperback edition for the first time. This new edition will be equally valued by individuals and by staff-developers for group work. 
650 |a Phương pháp thuyết trình trong giảng dạy,Giảng dạy Cao đẳng,Lecture method in teaching,College teaching 
904 |i Trọng Hải 
980 |a Trung tâm Học liệu Trường Đại học Cần Thơ